000 00655nam a2200241Ia 4500
003 OSt
005 20220918200444.0
006 a|||||r|||| 00| 0
007 ta
008 220917b |||||||| |||| 00| 0 eng d
024 _a88,908
037 _cTextual
040 _aARTS
_cARTS
_beng
041 _2eng
_aeng
082 _aU4:61331:N7, K5
100 _aRoder Wolf
_994181
245 0 _aSabi valley irrigation projects
260 _c1965
490 _aUniversity of chicago departmen of geography research paper; 99
650 _aANTHROPOLOGY
_921
942 _hU4:61331:N7, K5
_cTEXL
_2CC
999 _c212578
_d212578